1455 1369 1570 1283 1257 1981 1938 1350 1264 1951 1610 1663 1436 1198 1807 1362 1382 1007 1745 1137 1467 1720 1630 1112 1776 1431 1005 1995 1521 1723 1615 1589 1818 1951 1888 1564 1205 1760 1354 1730 1934 1516 1254 1381 1704 1103 1190 1316 1290 1571 1355 1532 1418 1396 1162 1904 1287 1035 1931 1317 1522 1954 1113 1721 1537 1581 1425 1453 1403 1617 1976 1661 1941 1804 1113 1506 1542 1348 1729 1058 1359 1159 1752 1628 1461 1720 1766 1699 1078 1577 1624 1828 1542 1821 1243 1537 1519 1387 1308 BCNSPRNW ULIB Ver.6.0+V

เปลี่ยนเป็นภาษาไทย

Change to English
 แสดงรายละเอียดบรรณานุกรม
  กลับหน้าหลัก

Brief Record : Get Marc (ISO 2709) : E-mail record : QR code < ปิดหน้าต่าง
LEADER : 00000nam 2200000uu 4500
001    13399121326
003     ULIB
008    121115s2550||||th 000 0 tha d
020    ^a789749660928
040    ^avu
042    ^alccopycat
050 04 ^aT^bณ176ร
100 0  ^aณัฐวุฒิ ปิยบุปผชาติ
245 10 ^aเรียนไว ใช้เป็นเร็ว Windows Vista /^cณัฐวุฒิ ปิยบุปผชาติ
260    ^aนนทบุรี :^bไอดีซี,^c2550.
300    ^a278 หน้า :^bภาพประกอบ
505 0  ^aเลือกคอมพิวเตอร์และติดตั้ง Windows Vista -- เริ่มจับ Windows Vista -- ปรับแต่ง Windows Vista ในสไตล์คุณ -- ตื่นตากับของเล่นใหม่ Gadget & 3D View -- แนะนำโปรแกรมเสริมที่น่าใช้งานของ Windows Vista -- เขียนแผ่น CD/DVD บน Windows Vista -- บริหารไฟล์ภาพง่ายๆ ด้วย Windows Photo Gallery -- Windows Media Player สุดยอดโปรแกรมมัลติมีเดีย -- Windows Media Center ครบสูตรความบันเทิง -- เล่นอินเทอร์เน็ตด้วย Internet Explorer 7 -- แซททันใจด้วย Windows Live Messenger -- เกมใหม่ ๆ บน Windows Vista -- เชื่อมต่อ Windows Vista กับอุปกรณ์ USB -- ตัดต่อคลิปวิดีโออย่างเซียนด้วย Windows Vista -- กำจัดสปายแวร์ให้สิ้นซาก -- แก้ปัญหา Windows Vista ที่พบบ่อย
650  0 ^aWindows (Computer programs)
650  7 ^aโปรแกรมคอมพิวเตอร์
650  7 ^aวินโดวส์ (โปรแกรมคอมพิวเตอร์)
945    ^p149^l0^i14547
995    ^aวิภา
999    ^aวิภา
รายการนี้ยังไม่มีแท็ก
คุณยังไม่ได้ล็อกอิน คุณสามารถมีกิจกรรมร่วมกับเว็บไซต์ได้ แต่ต้องล็อกอินก่อน ::
  ล็อกอิน

รายการสื่อสารสนเทศ

ลำดับที่ ประเภท เลขเรียก/บาร์โค้ด สถานที่ สถานะ
1. วิทยาศาสตร์การแพทย์ และสุขภาพ
วิทยาศาสตร์การแพทย์ และสุขภาพ
T ณ176ร  
  Barcode: 14547
ห้องสมุดวิทยาเขตสวรรค์ประชารักษ์
►หนังสือทั่วไป
บนชั้น

รายการใกล้เคียง
    หัวเรื่อง [โปรแกรมคอมพิวเตอร์]
    หัวเรื่อง [วินโดวส์ (โปรแกรมคอมพิวเตอร์)]

BibComment


ยังไม่เคยถูกคอมเมนท์

คอมเมนท์ทรัพยากรรายการนี้
  คอมเมนท์: เรียนไว ใช้เป็นเ..


 Copyright 2026. Bcnsprnw @Library